000 01446nam a2200361 a 4500
001 ebr10524102
003 CaPaEBR
006 m u
007 cr cn|||||||||
008 830921s1981 ne sb 000 0 eng d
020 _z9027240027
020 _z9789027240026
020 _z9789027280916 (e-book)
040 _aCaPaEBR
_cCaPaEBR
035 _a(OCoLC)778434209
041 0 _aeng
_ager
050 1 4 _aPT1637.R8
_bJ3 1981eb
082 0 4 _a831/.2
_219
100 1 _aJackson, William E.
245 1 0 _aReinmar's women
_h[electronic resource] :
_ba study of the Woman's song ("Frauenlied" and "Frauenstrophe") of Reinmar der Alte /
_cWilliam E. Jackson.
260 _aAmsterdam :
_bJ. Benjamins B.V.,
_c1981.
300 _axxiii, 374 p.
490 1 _aGerman language and literature monographs,
_x0378-4150 ;
_vv. 9
500 _aEnglish and German.
504 _aIncludes bibliographical references.
533 _aElectronic reproduction.
_bPalo Alto, Calif. :
_cebrary,
_d2013.
_nAvailable via World Wide Web.
_nAccess may be limited to ebrary affiliated libraries.
600 0 0 _aReinmar,
_cder Alte
_xCharacters
_xWomen.
650 0 _aWomen in literature.
655 7 _aElectronic books.
_2local
710 2 _aebrary, Inc.
830 0 _aGerman language and literature monographs ;
_vv. 9.
856 4 0 _uhttp://site.ebrary.com/lib/rucke/Doc?id=10524102
_zAn electronic book accessible through the World Wide Web; click to view
999 _c239664
_d239664